| 000 | 00423nam a22001577a 4500 | ||
|---|---|---|---|
| 003 | MPLRDC | ||
| 005 | 20220104142807.0 | ||
| 008 | 210129b ||||| |||| 00| 0 eng d | ||
| 082 | _a051.4 S1BH-2 1986 | ||
| 100 | _a巴生滨华中学 | ||
| 245 |
_a滨华现况与展望. 63庆纪念特刊 _c |
||
| 260 |
_a _b巴生滨华中学 _c1986 |
||
| 300 | _b平 | ||
| 650 | _a学术纪要、学刊 | ||
| 942 |
_cBK _o051.4 S1BH-2 1986 |
||
| 999 |
_c33752 _d33742 |
||